Sustainable consumption of bakery products; a challenge for Czech consumers and producers

Trvalo udržateľná spotreba pekárenských výrobkov, odpady pekárenských výrobkov - výzva pre spotrebiteľov a výrobcov v Česku.

Uložené v:
Podrobná bibliografia
Hlavný autor: Ratinger, Tomáš
Ďalší autori: Tomka, Adam, Bošková, Iveta
Médium: Kapitola
Jazyk:English
Predmet:
Tagy: Pridať tag
Žiadne tagy, Buďte prvý, kto otaguje tento záznam!

MARC

LEADER 00000naa a2200000 4500
001 0225404
005 20221019163136.1
041 0 |a eng 
044 |a CZ 
245 1 0 |a Sustainable consumption of bakery products; a challenge for Czech consumers and producers  |c Tomáš Ratinger, Adam Tomka, Iveta Bošková 
520 |a Trvalo udržateľná spotreba pekárenských výrobkov, odpady pekárenských výrobkov - výzva pre spotrebiteľov a výrobcov v Česku. 
610 2 0 |a pekárenstvo 
610 2 0 |a výrobky 
610 2 0 |a spotreba obyvateľstva 
610 2 0 |a spotreba udržateľná 
610 2 0 |a odpad 
610 2 0 |a odpadky 
610 2 0 |a využitie odpadu 
610 2 0 |a Česko 
100 1 |a Ratinger, Tomáš 
700 1 |a Tomka, Adam 
700 1 |a Bošková, Iveta